EKONOMIKSI GJINOR (Record no. 60546)
[ view plain ]
| 000 -LEADER | |
|---|---|
| fixed length control field | 00341nam a22001457a 4500 |
| 008 - FIXED-LENGTH DATA ELEMENTS--GENERAL INFORMATION | |
| fixed length control field | 240117b ||||| |||| 00| 0 eng d |
| 020 ## - INTERNATIONAL STANDARD BOOK NUMBER | |
| International Standard Book Number | 9789951545273 |
| 041 ## - LANGUAGE CODE | |
| Language code of text/sound track or separate title | Shqip |
| 080 ## - UNIVERSAL DECIMAL CLASSIFICATION NUMBER | |
| Edition identifier | Botimi i pare 2022 |
| Universal Decimal Classification number | 338 |
| 082 ## - DEWEY DECIMAL CLASSIFICATION NUMBER | |
| Classification number | 338 |
| 100 ## - Rafti | |
| Rafti | 22 |
| 101 ## - Shkurtesa | |
| Shkurtesa | EKONOMI |
| 245 ## - TITLE STATEMENT | |
| Title | EKONOMIKSI GJINOR |
| Statement of responsibility, etc | JOYCE P.JACOBSEN |
| 942 ## - ADDED ENTRY ELEMENTS (KOHA) | |
| Source of classification or shelving scheme | |
| Item type | Books |
| Withdrawn status | Lost status | Source of classification or shelving scheme | Damaged status | Not for loan | Collection code | Permanent location | Current location | Date acquired | Total Checkouts | Full call number | Barcode | Date last seen | Price effective from | Koha item type |
|---|---|---|---|---|---|---|---|---|---|---|---|---|---|---|
| Koleksioni i përgjithshem | UBT - Prishtine | UBT - Prishtine | 01/17/2024 | 338 | 002-800070553 | 01/17/2024 | 01/17/2024 | Books | ||||||
| Koleksioni i përgjithshem | UBT - Prishtine | UBT - Prishtine | 01/17/2024 | 338 | 002-800070554 | 01/17/2024 | 01/17/2024 | Books | ||||||
| Koleksioni i përgjithshem | UBT - Prishtine | UBT - Prishtine | 01/17/2024 | 338 | 002-800070555 | 01/17/2024 | 01/17/2024 | Books | ||||||
| Koleksioni i përgjithshem | UBT - Prishtine | UBT - Prishtine | 01/17/2024 | 338 | 002-800070556 | 01/17/2024 | 01/17/2024 | Books | ||||||
| Koleksioni i përgjithshem | UBT - Prishtine | UBT - Prishtine | 01/17/2024 | 338 | 002-800070557 | 01/17/2024 | 01/17/2024 | Books |